Missing Word: 'G' Song Endings Quiz Stats

 Plays Quiz Updated Aug 14, 2015

Challenge
Share
Tweet
Embed
Score 0/20 Timer 04:00
0 Plays Today
Song Missing Word % Correct
No More Mr. Nice _____Guy
97.6%
There She _____Goes
96.1%
Whatcha See Is Whatcha _____Get
95.8%
Where Have All The Flowers _____Gone
95.6%
My _____Girl
93.1%
Blaze Of ______Glory
91.6%
Bump N' _____Grind
91%
Heart Of _____Gold
90.3%
The Devil Went Down To _____Georgia
88.8%
Johnny B. _____Goode
88.5%
Song Missing Word % Correct
Chain _____Gang
78.8%
All I Have To _____Give
73.1%
Heart Of _____Glass
69.6%
Hello _____Goodbye
67.4%
Secret _____Garden
57.1%
Wicked _____Game
53.2%
Into The _____Groove
43.1%
China _____Grove
40.2%
(Hot S**t) Country _____Grammar
24.9%
Sunset _____Grill
21.4%

Today's Daily Dose

You're not logged in!

Compare scores with friends on all Sporcle quizzes.
Join for Free
OR
Log In

You Might Also Like...

Show Comments

Extras

Top Quizzes Today


Score Distribution

Your Account Isn't Verified!

In order to create a playlist on Sporcle, you need to verify the email address you used during registration. Go to your Sporcle Settings to finish the process.

Report this User

Report this user for behavior that violates our Community Guidelines.

Details: